00327 a2200133 4500001000700000020002200007040003500029100001600064240003800080245003300118300000800151362000900159440002500168157368 a978-85-359-3177-8 cEscola São Tomás de Aquino aJEHA, Julio10aContos clássicos de terrorlpor10aContos clássicos de terror a4060 a2018 1aCompanhia das Letras